| 000 | 00729nam0a22002171 4500 | ||
|---|---|---|---|
| 001 | rc\2365666 | ||
| 005 | 20260407090821.0 | ||
| 035 | _a(NLR Aleph) 006479330 | ||
| 090 |
_a6017019 _c6017019 |
||
| 100 | _a20110829d1976 |||y0rusy50 ca | ||
| 101 | 0 | _arus | |
| 102 | _aRU | ||
| 105 | _ay z ||||| | ||
| 200 | 1 | _aФизиология движений | |
| 210 |
_aЛенинград _cБ. и. _d1976 |
||
| 710 | 0 | 2 |
_aАН СССР _bОбъединенный научный совет по комплексной проблеме "Физиология человека и животных" _3RU\NLR\AUTH\8815188 _9303608 |
| 801 | 0 |
_aRU _bNLR _gpsbo |
|
| 801 | 1 |
_aRU _bELAR _2rusmarc |
|
| 852 |
_aNLR _j76-5/5136 |
||
| 942 | _cBOOK | ||
| 980 | _aNB | ||